[Event "Reykjavik op"]
[Site "Reykjavik"]
[Date "2024.03.18"]
[Round "6"]
[White "Kaergaard, Sissel"]
[Black "Barthel, Ansgar"]
[Result "0-1"]
[WhiteElo "1795"]
[BlackElo "2073"]
[PlyCount "26"]
[EventDate "2024.03.15"]
[EventType "swiss"]
[EventRounds "9"]
[EventCountry "ISL"]
[SourceTitle "CB13_2024"]
[SourceDate "2024.03.27"]
[SourceVersion "1"]
[SourceVersionDate "2024.03.27"]
[SourceQuality "1"]

1. d4 Nf6 2. Bf4 g6 3. e3 Bg7 4. c4 0-0 5. Nc3 d6 6. Nf3 Nbd7 7. Be2 a6 8. h3 c5 9. a4 b6 10. 0-0 Bb7 11. d5 Qc7 12. Qc2 Rac8 13. Rac1 h6 0-1

[Event "Bayern-chI Bank Hofmann 26th"]
[Site "Tegernsee"]
[Date "2023.11.04"]
[Round "8"]
[White "Barthel, Ansgar"]
[Black "Bettalli, Francesco"]
[Result "0-1"]
[WhiteElo "2056"]
[BlackElo "2274"]
[PlyCount "106"]
[EventDate "2023.10.28"]
[EventType "swiss"]
[EventRounds "9"]
[EventCountry "GER"]
[SourceTitle "Mega2024 Update 01"]
[Source "Chessbase"]
[SourceDate "2023.11.12"]
[SourceVersion "1"]
[SourceVersionDate "2023.11.12"]
[SourceQuality "1"]

1. Nf3 g6 2. g3 Bg7 3. Bg2 c5 4. c4 Nc6 5. Nc3 d6 6. 0-0 e6 7. d3 Nge7 8. Bd2 0-0 9. e3 Rb8 10. Rb1 b6 11. a3 Bb7 12. b4 Qd7 13. Qe2 h6 14. Rfd1 e5 15. Ne1 Rbe8 16. b5 Nd8 17. Bxb7 Qxb7 18. Qf3 Qd7 19. Nd5 f5 20. Ng2 Ne6 21. Nxe7+ Rxe7 22. Qd5 Kh7 23. f4 Nc7 24. Qb7 Ra8 25. a4 Qe8 26. Qc6 Qxc6 27. bxc6 Rb8 28. Rb3 Na6 29. fxe5 dxe5 30. e4 Rc7 31. Ne3 Rxc6 32. exf5 Nc7 33. fxg6+ Kxg6 34. a5 Rd6 35. axb6 axb6 36. Rdb1 e4 37. Nd5 Nxd5 38. cxd5 Bd4+ 39. Kg2 e3 40. Be1 Kg5 41. Kf3 Rf8+ 42. Ke2 Rff6 43. g4 Kxg4 44. Bg3 Rxd5 45. Rxb6 Rdf5 46. Rxf6 Rxf6 47. Rg1 Ra6 48. Bc7+ Kf5 49. Rf1+ Ke6 50. Bf4 Kd5 51. Bxe3 Ra2+ 52. Bd2 Bc3 53. Rd1 Kd4 0-1

[Event "Reykjavik Kvika op"]
[Site "Reykjavik"]
[Date "2022.04.12"]
[Round "9"]
[White "Barthel, Ansgar"]
[Black "Brunello, Marina"]
[Result "0-1"]
[WhiteElo "2053"]
[BlackElo "2337"]
[PlyCount "64"]
[EventDate "2022.04.06"]
[EventType "swiss"]
[EventRounds "9"]
[EventCountry "ISL"]
[SourceTitle "CBM 207 Extra"]
[Source "ChessBase"]
[SourceDate "2022.05.31"]
[SourceVersion "1"]
[SourceVersionDate "2022.05.31"]
[SourceQuality "1"]

1. e4 c5 2. Nf3 d6 3. d4 cxd4 4. Nxd4 Nf6 5. Nc3 a6 6. f4 e5 7. Nf3 Nbd7 8. a4 Be7 9. Bd3 0-0 10. 0-0 Nc5 11. Kh1 Qc7 12. Qe2 Bd7 13. fxe5 dxe5 14. Bg5 Be6 15. Nh4 Ne8 16. Bxe7 Qxe7 17. Nf5 Qc7 18. Ne3 Nd6 19. Ncd5 Qd8 20. Qf3 f5 21. exf5 e4 22. Qg3 Bxd5 23. Nxd5 exd3 24. Qe3 Nce4 25. cxd3 Nf6 26. Ne7+ Kh8 27. Ng6+ hxg6 28. Qh3+ Kg8 29. fxg6 Qd7 30. Rxf6 Qxh3 31. Rxf8+ Kxf8 32. gxh3 Ke7 0-1

[Event "Reykjavik Kvika op"]
[Site "Reykjavik"]
[Date "2022.04.07"]
[Round "2"]
[White "Dishman, Stephen"]
[Black "Barthel, Ansgar"]
[Result "1-0"]
[WhiteElo "2339"]
[BlackElo "2053"]
[PlyCount "65"]
[EventDate "2022.04.06"]
[EventType "swiss"]
[EventRounds "9"]
[EventCountry "ISL"]
[SourceTitle "CBM 207 Extra"]
[Source "ChessBase"]
[SourceDate "2022.05.31"]
[SourceVersion "1"]
[SourceVersionDate "2022.05.31"]
[SourceQuality "1"]

1. Nf3 d5 2. c4 e6 3. d4 c5 4. cxd5 exd5 5. g3 Nc6 6. Bg2 Nf6 7. 0-0 Be7 8. Nc3 0-0 9. Bg5 cxd4 10. Nxd4 h6 11. Be3 Bg4 12. Qa4 Ne5 13. Rad1 Nc4 14. Qb3 Nxe3 15. fxe3 Qb6 16. Qxb6 axb6 17. Nxd5 Nxd5 18. Bxd5 Bf6 19. Rd3 Rfe8 20. e4 Be6 21. Bxe6 fxe6 22. a3 Ra4 23. Rfd1 e5 24. Nb5 Be7 25. b4 Bf8 26. Rd7 Re7 27. Rd8 Rf7 28. Rb8 Kh7 29. Rf1 Rxf1+ 30. Kxf1 Be7 31. Rxb7 Bg5 32. Ra7 Rxa7 33. Nxa7 1-0

[Event "Muensterland op 38th"]
[Site "Muenster"]
[Date "2021.10.11"]
[Round "5"]
[White "Barthel, Ansgar"]
[Black "Schmider, Niklas"]
[Result "0-1"]
[WhiteElo "2058"]
[BlackElo "2341"]
[PlyCount "74"]
[EventDate "2021.10.08"]
[EventType "swiss"]
[EventRounds "9"]
[EventCountry "GER"]
[SourceTitle "EXT 2023"]
[Source "ChessBase"]
[SourceDate "2022.10.05"]
[SourceVersion "1"]
[SourceVersionDate "2022.10.05"]
[SourceQuality "1"]

1. e4 c5 2. Nf3 d6 3. d4 cxd4 4. Nxd4 Nf6 5. Nc3 a6 6. f4 e5 7. Nf3 Nbd7 8. a4 Be7 9. Bd3 0-0 10. 0-0 Nc5 11. Kh1 Qc7 12. Qe2 Re8 13. fxe5 dxe5 14. Nh4 h6 15. Nf5 Bxf5 16. Rxf5 Ne6 17. Rf1 Nf4 18. Bxf4 exf4 19. Qf3 Bd6 20. Rad1 Qc6 21. a5 Qc5 22. e5 Qxe5 23. Bc4 Rac8 24. Bb3 Rc5 25. Qxb7 Re7 26. Qa8+ Kh7 27. Qxa6 Bb8 28. Qd3+ g6 29. Qf3 Rxa5 30. Rf2 Qg5 31. Re2 Rae5 32. Rde1 Qh4 33. g3 Rxe2 34. gxh4 Rxe1+ 35. Kg2 R7e3 36. Qf2 Ng4 37. Qd2 f3+ 0-1

[Event "Erfurt op-A 29th"]
[Site "Erfurt"]
[Date "2019.12.28"]
[Round "5"]
[White "Barthel, Ansgar"]
[Black "Grohmann, Alexander"]
[Result "1-0"]
[WhiteElo "2052"]
[BlackElo "1980"]
[PlyCount "45"]
[EventDate "2019.12.26"]
[EventType "swiss"]
[EventRounds "8"]
[EventCountry "GER"]
[SourceTitle "CBM 194 Extra"]
[Source "ChessBase"]
[SourceDate "2020.03.31"]
[SourceVersion "1"]
[SourceVersionDate "2020.03.31"]
[SourceQuality "1"]

1. e4 c5 2. Nf3 d6 3. d4 cxd4 4. Nxd4 Nf6 5. Nc3 a6 6. f4 g6 7. Be2 Bg7 8. a4 Nc6 9. Nb3 0-0 10. 0-0 b6 11. Be3 Bb7 12. e5 Nd7 13. exd6 exd6 14. Bf3 Nc5 15. Nd4 Nxd4 16. Bxd4 Bxd4+ 17. Qxd4 Ne6 18. Qd2 Bxf3 19. Rxf3 Qc7 20. Kh1 Rac8 21. Rd1 Rfd8 22. Nd5 Qb7 23. f5 1-0

[Event "EU-Cup 35th"]
[Site "Ulcinj"]
[Date "2019.11.15"]
[Round "6.33"]
[White "Barthel, Ansgar"]
[Black "Salihu, Sami"]
[Result "1/2-1/2"]
[WhiteElo "2054"]
[BlackElo "2204"]
[PlyCount "89"]
[EventDate "2019.11.10"]
[EventType "team-swiss"]
[EventRounds "7"]
[EventCountry "MNE"]
[SourceTitle "EXT 2021"]
[Source "ChessBase"]
[SourceDate "2020.10.23"]
[SourceVersion "1"]
[SourceVersionDate "2020.10.23"]
[SourceQuality "1"]
[WhiteTeam "Differdange"]
[BlackTeam "Dardania"]
[WhiteTeamCountry "LUX"]
[BlackTeamCountry "KOS"]

1. e4 e6 2. d4 d5 3. Nc3 Nf6 4. e5 Nfd7 5. f4 c5 6. Nf3 Nc6 7. Be3 Be7 8. Qd2 a6 9. Be2 b5 10. a3 Qb6 11. 0-0 cxd4 12. Nxd4 Bc5 13. Rad1 Nxd4 14. Bxd4 g6 15. Bf3 Bxd4+ 16. Qxd4 Bb7 17. Ne2 Rc8 18. c3 Rc4 19. Qxb6 Nxb6 20. Nd4 h5 21. g3 Rc7 22. Rf2 Nc4 23. Ra1 Nb6 24. Bd1 Bc6 25. a4 bxa4 26. Nxc6 Rxc6 27. Bxa4 Nxa4 28. Rxa4 Kd7 29. Rd2 Kc7 30. Kf2 Rb8 31. Ra3 Rb5 32. b4 Kb7 33. Ke3 Rc4 34. Rd4 Rc7 35. Rd2 Rc4 36. Rd4 Rxd4 37. Kxd4 Rb6 38. Ra5 Rc6 39. Rc5 Kb6 40. Rxc6+ Kxc6 41. c4 dxc4 42. Kxc4 Kb6 43. Kc3 Kc6 44. Kc4 Kb6 45. Kc3 1/2-1/2

[Event "Hoogeveen op 23rd"]
[Site "Hoogeveen"]
[Date "2019.10.25"]
[Round "8"]
[White "Barthel, Ansgar"]
[Black "Van De Velde, Hugo"]
[Result "1/2-1/2"]
[WhiteElo "2037"]
[BlackElo "2118"]
[PlyCount "80"]
[EventDate "2019.10.19"]
[EventType "swiss"]
[EventRounds "9"]
[EventCountry "NED"]
[SourceTitle "CBM 192 Extra"]
[Source "Chessbase"]
[SourceDate "2019.11.06"]
[SourceVersion "1"]
[SourceVersionDate "2019.11.06"]
[SourceQuality "1"]

1. e4 c6 2. d4 d5 3. Nc3 dxe4 4. Nxe4 Bf5 5. Ng3 Bg6 6. h4 h6 7. Nf3 e6 8. h5 Bh7 9. Bd3 Bxd3 10. Qxd3 Nf6 11. Bd2 c5 12. 0-0-0 Nc6 13. Be1 cxd4 14. Nxd4 Nxd4 15. Qxd4 Qxd4 16. Rxd4 Bc5 17. Rd3 Ke7 18. Rh4 Rhd8 19. Rb3 b6 20. Bb4 Rac8 21. Ne4 Nxe4 22. Rxe4 Rd5 23. Rh3 Bxb4 24. Rxb4 Rcd8 25. b3 Rd2 26. Rf3 R8d5 27. Rc4 Rd7 28. Rg4 Kf8 29. Rgf4 Re2 30. g4 f6 31. Rc3 e5 32. Rf5 Kf7 33. Rff3 Re4 34. Rfd3 Ke7 35. f3 Rf4 36. Rxd7+ Kxd7 37. Rd3+ Kc7 38. Rc3+ Kd7 39. Rd3+ Kc7 40. Rc3+ Kd7 1/2-1/2

[Event "Akureyri Icelandic op"]
[Site "Akureyri"]
[Date "2019.05.31"]
[Round "8"]
[White "Barthel, Ansgar"]
[Black "Sigurdarson, Tomas Veigar"]
[Result "0-1"]
[WhiteElo "2062"]
[BlackElo "1994"]
[PlyCount "66"]
[EventDate "2019.05.25"]
[EventType "swiss"]
[EventRounds "9"]
[EventCountry "ISL"]
[SourceTitle "CBM 190 Extra"]
[Source "ChessBase"]
[SourceDate "2019.07.15"]
[SourceVersion "1"]
[SourceVersionDate "2019.07.15"]
[SourceQuality "1"]

1. e4 e6 2. d4 d5 3. Nc3 Bb4 4. exd5 exd5 5. Bd3 Nc6 6. a3 Ba5 7. Nge2 Nge7 8. 0-0 Bb6 9. Na4 Bxd4 10. Nxd4 Nxd4 11. Re1 Bf5 12. Nc5 b6 13. Bg5 f6 14. Bxf6 gxf6 15. Bxf5 bxc5 16. Qh5+ Kf8 17. Be6 Nxe6 18. Rxe6 Ng6 19. Rae1 Kg7 20. f4 f5 21. Qxf5 Rf8 22. Qg4 Kh8 23. g3 Nxf4 24. Re7 Ng6 25. R7e6 Rf6 26. R6e2 Qf8 27. h4 Nf4 28. Re5 Rg6 29. Qd7 Rxg3+ 30. Kf2 Nd3+ 31. Kxg3 Qf4+ 32. Kh3 Nxe5 33. Qxd5 Qf5+ 0-1

[Event "Pfalz op 10th"]
[Site "Neustadt an der Weinstrasse"]
[Date "2019.03.02"]
[Round "2"]
[White "Barthel, Ansgar"]
[Black "Colpe, Malte"]
[Result "0-1"]
[WhiteElo "2120"]
[BlackElo "2368"]
[PlyCount "50"]
[EventDate "2019.03.01"]
[EventType "swiss"]
[EventRounds "9"]
[EventCountry "GER"]
[SourceTitle "CBM 189 Extra"]
[Source "ChessBase"]
[SourceDate "2019.06.03"]
[SourceVersion "1"]
[SourceVersionDate "2019.06.03"]
[SourceQuality "1"]

1. e4 e5 2. Nf3 Nc6 3. Bc4 Bc5 4. d3 Nf6 5. Nc3 0-0 6. Bg5 h6 7. Bh4 Be7 8. a3 d6 9. Bxf6 Bxf6 10. Nd5 Kh8 11. h3 Be7 12. d4 f5 13. exf5 e4 14. Nd2 Bxf5 15. c3 Bg5 16. 0-0 Qd7 17. f3 Na5 18. Ba2 c6 19. fxe4 Bxh3 20. Nf3 Qg4 21. Qc2 cxd5 22. exd5 b5 23. Kh1 Qh5 24. Nh2 Bd7 25. Rae1 Bf4 0-1

[Event "Groningen op 56th"]
[Site "Groningen"]
[Date "2018.12.29"]
[Round "8"]
[White "Barthel, Ansgar"]
[Black "Vogel, Jaap"]
[Result "1/2-1/2"]
[WhiteElo "2096"]
[BlackElo "2193"]
[PlyCount "73"]
[EventDate "2018.12.22"]
[EventType "swiss"]
[EventRounds "9"]
[EventCountry "NED"]
[SourceTitle "CBM 188 Extra"]
[Source "ChessBase"]
[SourceDate "2019.02.26"]
[SourceVersion "1"]
[SourceVersionDate "2019.02.26"]
[SourceQuality "1"]

1. e4 e6 2. d4 d5 3. Nc3 Bb4 4. exd5 exd5 5. Bd3 Nc6 6. a3 Ba5 7. Be3 Nf6 8. Nge2 Bg4 9. 0-0 Qd7 10. Na4 Bb6 11. Nxb6 axb6 12. c3 0-0 13. Qc2 Rfe8 14. Ng3 h6 15. Bf4 Ne7 16. f3 Bh5 17. Be5 Bg6 18. Bxf6 gxf6 19. Rae1 h5 20. Bxg6 fxg6 21. Rxe7 Qxe7 22. Qxg6+ Qg7 23. Qxg7+ Kxg7 24. Nxh5+ Kf7 25. Nf4 c6 26. Kf2 Re7 27. Re1 Rae8 28. Rxe7+ Rxe7 29. g4 Kg7 30. h4 Re8 31. Nh5+ Kf7 32. Ng3 Re6 33. Nf5 Kf8 34. Ne3 Kf7 35. Nf5 Kf8 36. Ne3 Kf7 37. Nf5 1/2-1/2

[Event "Groningen op 56th"]
[Site "Groningen"]
[Date "2018.12.22"]
[Round "1"]
[White "Barthel, Ansgar"]
[Black "Cerveny, Martin"]
[Result "1/2-1/2"]
[WhiteElo "2096"]
[BlackElo "2347"]
[PlyCount "82"]
[EventDate "2018.12.22"]
[EventType "swiss"]
[EventRounds "9"]
[EventCountry "NED"]
[SourceTitle "CBM 188 Extra"]
[Source "ChessBase"]
[SourceDate "2019.02.26"]
[SourceVersion "1"]
[SourceVersionDate "2019.02.26"]
[SourceQuality "1"]

1. e4 c5 2. Nf3 d6 3. d4 cxd4 4. Nxd4 Nf6 5. Nc3 a6 6. f4 e5 7. Nf3 Nbd7 8. a4 Be7 9. Bd3 0-0 10. 0-0 exf4 11. Kh1 Nc5 12. Bxf4 Bg4 13. h3 Bh5 14. b4 Nxd3 15. cxd3 Bg6 16. Qb3 Rc8 17. Rac1 Qd7 18. Bh2 Qe6 19. Nd5 Nxd5 20. Nd4 Qf6 21. Qxd5 Rxc1 22. Rxc1 Qf2 23. Bg1 Qd2 24. Rc7 Bd8 25. Nf3 Qxb4 26. Rxb7 Qa3 27. Rd7 Qxa4 28. Qxd6 Ba5 29. Ra7 Qd1 30. Qxa6 Bd8 31. Ra8 h6 32. Ne5 Kh7 33. Nd7 Re8 34. Qc6 f5 35. Ne5 Bh5 36. Qd7 Rxe5 37. Rxd8 fxe4 38. dxe4 Qxd7 39. Rxd7 Be8 40. Bd4 Bxd7 41. Bxe5 Bc6 1/2-1/2

[Event "Pfalz-ch MT-B 87th"]
[Site "Landau"]
[Date "2018.03.30"]
[Round "8"]
[White "Yakovenko, Denis"]
[Black "Barthel, Ansgar"]
[Result "1/2-1/2"]
[WhiteElo "1952"]
[BlackElo "2160"]
[PlyCount "67"]
[EventDate "2018.03.23"]
[EventType "tourn"]
[EventRounds "9"]
[EventCountry "GER"]
[SourceTitle "EXT 2019"]
[Source "ChessBase"]
[SourceDate "2018.10.10"]
[SourceVersion "1"]
[SourceVersionDate "2018.10.10"]
[SourceQuality "1"]

1. d4 d5 2. Nc3 Nf6 3. Bg5 e6 4. Qd3 Be7 5. 0-0-0 0-0 6. f3 b6 7. e4 Ba6 8. Qd2 Bxf1 9. Rxf1 c5 10. Nge2 Nc6 11. Rd1 dxe4 12. fxe4 cxd4 13. Nxd4 Nxd4 14. Qxd4 Qxd4 15. Rxd4 Rfd8 16. Rhd1 h6 17. Bh4 g5 18. Bg3 Rxd4 19. Rxd4 Rd8 20. Rxd8+ Bxd8 21. Kd2 Nd7 22. b4 f5 23. exf5 exf5 24. Nd5 Kf7 25. c4 f4 26. Bf2 Ke6 27. Bd4 a6 28. a4 b5 29. axb5 axb5 30. Kd3 Ne5+ 31. Bxe5 Kxe5 32. Nc3 bxc4+ 33. Kxc4 g4 34. Kd3 1/2-1/2

[Event "Pfalz-ch MT-B 87th"]
[Site "Landau"]
[Date "2018.03.25"]
[Round "4"]
[White "Barthel, Ansgar"]
[Black "Vogel, Johannes"]
[Result "1/2-1/2"]
[WhiteElo "2160"]
[BlackElo "2117"]
[PlyCount "75"]
[EventDate "2018.03.23"]
[EventType "tourn"]
[EventRounds "9"]
[EventCountry "GER"]
[SourceTitle "EXT 2019"]
[Source "ChessBase"]
[SourceDate "2018.10.10"]
[SourceVersion "1"]
[SourceVersionDate "2018.10.10"]
[SourceQuality "1"]

1. e4 e5 2. Nf3 Nc6 3. Bc4 Bc5 4. d3 Nf6 5. Nc3 d6 6. Bg5 h6 7. Bxf6 Qxf6 8. Nd5 Qd8 9. c3 Ne7 10. d4 Nxd5 11. dxc5 Nf4 12. g3 Nh3 13. cxd6 cxd6 14. Qa4+ Bd7 15. Bb5 a6 16. Bxd7+ Qxd7 17. Qxd7+ Kxd7 18. Ke2 Ng5 19. Nd2 Rac8 20. Rhd1 Rhd8 21. h4 Nh7 22. Nf1 Nf6 23. f3 Ke6 24. Ne3 d5 25. exd5+ Nxd5 26. Nxd5 Rxd5 27. Rxd5 Kxd5 28. Rd1+ Ke6 29. Ke3 h5 30. f4 exf4+ 31. Kxf4 Rc4+ 32. Kf3 Ke7 33. Re1+ Kd7 34. Re5 g6 35. Rd5+ Ke7 36. Re5+ Kd7 37. Rd5+ Ke7 38. Re5+ 1/2-1/2